000 00308nam a2200121Ia 4500
008 240624s9999 xx 000 0 und d
041 _aeng
082 _a658.15 CHA
100 _aCHANDRA PRASANNA
245 _aSTRATEGIC FINANCIAL MANAGEMENT
260 _c2015
_aNew Delhi
_bTata McGraw-Hill
365 _cRS
_b33
999 _c25879
_d25879